Reflexiones sobre los problemas del desempleo y subempleo
Guardado en:
| Format: | Texto |
|---|---|
| Fag: | |
| Tags: |
Tilføj Tag
Ingen Tags, Vær først til at tagge denne postø!
|
MARC
| LEADER | 00000 a a2200000 04500 | ||
|---|---|---|---|
| 001 | 6585 | ||
| 003 | |||
| 040 | |||
| 245 | |a Reflexiones sobre los problemas del desempleo y subempleo | ||
| 650 | |a DESEMPLEO | ||
| 650 | |a SUBEMPLEO | ||
| 650 | |a MERCADO DE TRABAJO | ||
| 773 | |g volumen 23, número 1006; páginas 6-7 | ||
| 999 | |c 39180 |d 39180 | ||
